| 000 | 00768nam a2200229 i 4500 | ||
|---|---|---|---|
| 003 | IT-RoINE | ||
| 005 | 20201113111225.0 | ||
| 008 | 140114s1986 it |||||r|||| 00| 0 ita d | ||
| 040 | _aIT-RoINE | ||
| 100 | 1 |
_aToso, Mario, _cS.D.B., _d1950- _92913 |
|
| 245 | 1 | 0 |
_aFede, ragione e civiltà : _bsaggio sul pensiero di Étienne Gilson / _cMario Toso. |
| 260 |
_aRoma : _bLAS, _c1986. |
||
| 300 |
_a302 p. ; _c24 cm. |
||
| 336 |
_2rdacontent _atext |
||
| 337 |
_2rdamedia _aunmediated |
||
| 338 |
_2rdacarrier _avolume |
||
| 490 | 1 | 0 |
_aBiblioteca di scienze religiose ; _v72 |
| 504 | _aBibliografia: p. [292]-299. | ||
| 600 | 1 |
_aGilson, Étienne, _d1884-1978 _xCrítica e interpretación _92914 |
|
| 830 | 0 |
_92851 _aBiblioteca di scienze religiose (LAS) ; _v72 |
|
| 942 | _cMTS | ||
| 999 |
_c1511 _d1511 |
||